MARC

LEADER 00000nam0a2200000 4500
001 297361
005 20231102001011.0
020 |a RU  |b 84-63460 
035 |a (RuTPU)RU\TPU\book\322494 
090 |a 297361 
100 |a 20150608d1984 m y0rusy5003 ca 
101 0 |a rus 
102 |a RU 
105 |a a j 001zy 
200 1 |a Проектирование биотехнических систем  |e учебное пособие  |f В. И. Гуткин, В. М. Шабер, В. В. Шеремет  |g Северо-Западный заочный политехнический институт (СЗПИ) 
210 |a Ленинград  |c Изд-во СЗПИ  |d 1984 
215 |a 80 с. 
320 |a Библиогр.: с. 78-79 
606 1 |a Биотехнологическое оборудование  |2 stltpush  |3 (RuTPU)RU\TPU\subj\28718  |9 88336 
610 1 |a биотехнические системы 
610 1 |a проектирование 
610 1 |a системный подход 
610 1 |a разработка 
610 1 |a стадии 
610 1 |a методы 
610 1 |a принципы 
610 1 |a технические элементы 
610 1 |a учебные пособия 
675 |a 60-7(075.8)  |v 3 
700 1 |a Гуткин  |b В. И.  |g Владимир Ильич 
701 1 |a Шабер  |b В. М.  |g Виктор Михайлович 
701 1 |a Шеремет  |b В. В.  |g Владимир Владимирович 
712 0 2 |a Северо-Западный заочный политехнический институт (СЗПИ)  |c (Ленинград)  |2 stltpush  |3 (RuTPU)RU\TPU\col\2602 
801 0 |a RU  |b RuMRKP  |c 19950704  |g psbo 
801 1 |a RU  |b 63413507  |c 20150608 
801 2 |a RU  |b 63413507  |c 20220801  |g RCR 
942 |c BK